000 00588cab a2200205 4500
001 X863
008 090401t1993 xxu||||| |||| 00| 0 eng d
035 _a(Sirsi) u67865
041 _aeng
100 _aEdwards, Michael
245 _aRedundancy on the farm
260 _c1993
350 _a0
490 _aRural Practice Bulletin
_vMay / June 1993, 3-4(2)
520 _aRedundancy dismissals can become costly `unfair dismissals` if the legal framework is not understood. A brief guide.
650 _aREDUNDANCY
690 _aRURAL PRACTICE
942 _n0
948 _c04/03/1997
999 _c42519
_d42519